| 000 | 01535nam0a2200445 4500 | ||
|---|---|---|---|
| 001 | RU\NLR\bibl\312612 | ||
| 005 | 20260408171820.0 | ||
| 010 |
_a5-89120-195-X _9150 |
||
| 021 |
_aRU _b2002-27769 _91377 |
||
| 035 | _a(NLR Aleph) 000307721 | ||
| 090 |
_a23701 _c23701 |
||
| 100 | _a20020923d2002 u y0rusy50 ca | ||
| 101 | 0 | _arus | |
| 102 | _aRU | ||
| 105 | _ag ||||||||| | ||
| 200 | 1 |
_aТяготение - неумолимый ладовый закон _fР. А. Исхакова-Вамба |
|
| 210 |
_aКазань _cМатбугат йорты _d2002 |
||
| 215 |
_a40 с. _cнот. _d20 |
||
| 320 | _aБиблиогр. в примеч.: 37-40 | ||
| 606 | 0 |
_aГармония (муз.) _91388190 _3RU\NLR\auth\66269933 |
|
| 606 | 0 |
_aМузыка _xИстория _92181941 _3RU\NLR\auth\661312066 |
|
| 606 |
_aЛад (муз.) _3RU\NLR\auth\66651216 _91501970 |
||
| 610 | 0 | _aЛад (музык.) | |
| 610 | 0 | _aГармония (музык.) | |
| 610 | 0 | _aМузыка, теория | |
| 610 | 0 | _aМузыкальная культура - История | |
| 675 |
_a78.01 _v3 _zrus |
||
| 686 |
_a18.41 _2rugasnti |
||
| 686 |
_a85.31 _2rubbk |
||
| 686 | _aЩ310.51 | ||
| 686 | _aЩ310.54 | ||
| 686 | _aЩ313(0) | ||
| 700 | 1 |
_4070 _8rus _7ca _aИсхакова-Вамба _bР. А. _gРоза Ахметовна _3RU\NLR\auth\774775 _9114750 |
|
| 801 | 0 |
_aRU _bRKP _c20020923 _gPSBO |
|
| 801 | 1 |
_aRU _bRKP _c20020923 |
|
| 801 | 2 |
_aRU _bNLR _c20021205 _grcr |
|
| 942 | _cBOOK | ||
| 980 | _aNB | ||
| 980 | _aNBR | ||